Los Productos básicos y el Noei /
Furkejuvvon:
| Váldodahkki: | |
|---|---|
| Searvvušdahkkit: | , |
| Eará dahkkit: | |
| Materiálatiipa: | Texto |
| Almmustuhtton: |
Habana:
CEDEM
|
| Fáddágilkorat: |
Lasit fáddágilkoriid
Eai fáddágilkorat, Lasit vuosttaš fáddágilkora!
|
MARC
| LEADER | 00000 a a2200000 04500 | ||
|---|---|---|---|
| 001 | 22469 | ||
| 003 | |||
| 040 | |||
| 090 | |a 153500 | ||
| 100 | |a Puertas, Hilda | ||
| 110 | |a Centro de Estudios Demográficos | ||
| 245 | |a Los Productos básicos y el Noei / |c Centro de Estudios Demográficos | ||
| 260 | |a Habana: |b CEDEM | ||
| 300 | |a 46 p |b **no definido** | ||
| 700 | |a Alvarez, Ana M. | ||
| 710 | |a CEDEM |a CIEI | ||
| 999 | |c 16020 |d 16020 | ||
